Irish prepositions - Statistics

General Stats
  • This quiz has been taken 85 times
  • The average score is 11 of 20
Answer Stats
Hint Answer % Correct
In I
90%
At Ag
85%
On Ar
85%
With Le
80%
Between Idir
73%
Under/About Faoi
70%
From Ó
70%
Out of As
68%
Do/for Do
63%
Of De
60%
To Go
55%
To/Towards Chuig
53%
Without Gan
53%
Before/In front of Roimh
48%
Over Thar
45%
Like/As Mar
38%
Through Trí
38%
Except Seachas
30%
About Um
10%
Towards Ionsar
3%
No matching quizzes found
Score Distribution
Percent of People with Each Score
Percentile by Number Answered
Your Score History
You have not taken this quiz